|
|
|
|
| LEADER |
00000nam0a2200000 4500 |
| 001 |
57023 |
| 005 |
20231031054026.0 |
| 010 |
|
|
|a 5170013213
|
| 035 |
|
|
|a (RuTPU)RU\TPU\book\59987
|
| 090 |
|
|
|a 57023
|
| 100 |
|
|
|a 20031020d2001 m y0rusy50 ca
|
| 101 |
0 |
|
|a eng
|
| 102 |
|
|
|a RU
|
| 105 |
|
|
|a a e 000zy
|
| 200 |
1 |
|
|a Учебный словарь современного английского языка
|e Около 50 000 слов
|f А. С. Хорнби, Э. В. Гэтенби, Г. Уэйкфилд
|
| 210 |
|
|
|a Москва
|c АСТ
|d 2001
|
| 215 |
|
|
|a 1568 с.
|c ил.
|
| 225 |
1 |
|
|a English
|
| 610 |
1 |
|
|a английский язык
|
| 610 |
1 |
|
|a лексика
|
| 610 |
1 |
|
|a словари
|
| 686 |
|
|
|a Ш143.21-4
|v LBC/SL-A
|2 rubbk
|
| 700 |
|
1 |
|a Хорнби
|b А. С.
|
| 701 |
|
1 |
|a Гэтенби
|b Э. В.
|
| 701 |
|
1 |
|a Уэйкфилд
|b Г.
|
| 801 |
|
1 |
|a RU
|b 63413507
|c 20031020
|g PSBO
|
| 801 |
|
2 |
|a RU
|b 63413507
|c 20221205
|g PSBO
|
| 942 |
|
|
|c BK
|